Vlastním hlasem = In her own voice /

Korporativní autor: Národní muzeum (Praha, Česko)
Další autoři: Gelnarová, Jitka, 1981-, Ducháčková, Ema, 1988-, Media Market (firma)
Jazyk: Čeština
Angličtina
Vydáno: Praha : Národní muzeum, 2019
Témata:
Fyzický popis: 143 stran : ilustrace (některé barevné), portréty, faksimile ; 26 cm
Language note: Souběžný anglický text
Knihy
Uloženo v:
LEADER 03118nam a2200781 i 4500
001 nkc20193082509
003 CZ PrNK
005 20191030173828.0
007 ta
008 190314s2019 xr ach e c 000 0ccze
015 |a cnb003082509 
020 |a 978-80-7036-592-2  |q (brožováno) 
035 |a (OCoLC)1107868202 
040 |a BOA001  |b cze  |e rda 
041 1 |a cze  |a eng  |h cze 
043 |a e-xr--- 
045 |a w-y- 
072 7 |a 316.3  |x Globální společnosti. Sociální struktura. Sociální skupiny  |2 Konspekt  |9 18 
072 7 |a 929  |x Biografie  |2 Konspekt  |9 8 
080 |a 316.346.2-055.2  |2 MRF 
080 |a 316.662  |2 MRF 
080 |a 929-055.2  |2 MRF 
080 |a 316.423.6-055.2  |2 MRF 
080 |a 342.726-055.2  |2 MRF 
080 |a 342.8  |2 MRF 
080 |a 929  |2 MRF 
080 |a (437.3)  |2 MRF 
080 |a (083.824)  |2 MRF 
080 |a (0:82-94)  |2 MRF 
245 0 0 |a Vlastním hlasem =  |b In her own voice /  |c Jitka Gelnarová, Ema Součková (eds.) ; překlad Media Market s.r.o. 
246 3 1 |a In her own voice 
264 1 |a Praha :  |b Národní muzeum,  |c 2019 
300 |a 143 stran :  |b ilustrace (některé barevné), portréty, faksimile ;  |c 26 cm 
336 |a text  |b txt  |2 rdacontent 
336 |a statický obraz  |b sti  |2 rdacontent 
337 |a bez média  |b n  |2 rdamedia 
338 |a svazek  |b nc  |2 rdacarrier 
500 |a Publikace vydána u příležitosti stejnojmenné výstavy 
504 |a Obsahuje bibliografii 
546 |a Souběžný anglický text 
648 7 |a 19.-21. století  |7 ch757016  |2 czenas 
648 7 |a 20.-21. století  |7 ch462155  |2 czenas 
648 4 |a 1919-2019 
650 0 7 |a ženy  |7 ph127967  |z Česko  |y 19.-21. století  |2 czenas 
650 0 7 |a ženy  |7 ph127967  |x společenské postavení  |y 19.-21. století  |2 czenas 
650 0 7 |a významné ženy  |7 ph184275  |z Česko  |y 19.-21. století  |2 czenas 
650 0 7 |a ženská emancipace  |7 ph127961  |z Česko  |y 19.-21. století  |2 czenas 
650 0 7 |a práva žen  |7 ph136918  |z Česko  |y 19.-21. století  |2 czenas 
650 0 7 |a volební právo  |7 ph127222  |z Česko  |y 20.-21. století  |2 czenas 
650 0 9 |a women  |z Czechia  |y 19th-21st centuries  |2 eczenas 
650 0 9 |a women  |x social status  |y 19th-21st centuries  |2 eczenas 
650 0 9 |a notable women  |z Czechia  |y 19th-21st centuries  |2 eczenas 
650 0 9 |a emancipation of women  |z Czechia  |y 19th-21st centuries  |2 eczenas 
650 0 9 |a women's rights  |z Czechia  |y 19th-21st centuries  |2 eczenas 
650 0 9 |a election law  |z Czechia  |y 20th-21st centuries  |2 eczenas 
655 7 |a katalogy výstav  |7 fd132536  |2 czenas 
655 7 |a medailony  |7 fd185951  |2 czenas 
655 9 |a exhibition catalogs  |2 eczenas 
655 9 |a biographical portraits  |2 eczenas 
700 1 |a Gelnarová, Jitka,  |d 1981-  |7 av2016900789  |4 edt 
700 1 |a Ducháčková, Ema,  |d 1988-  |7 mzk2015895868  |4 edt 
710 2 |a Národní muzeum (Praha, Česko)  |7 kn20010709075  |4 isb 
710 2 |a Media Market (firma)  |7 ko2016933744  |4 trl 
910 2 |a BOA001  |b 3-1429.026 
990 |a BK 
995 |a 01 
991 |b 201906  |c NOV 
996 6 |b 2610783376  |c 3-1429.026  |l MZK  |r Sklad / do 1 hodiny  |n 3  |p p.v.  |w 001724378  |u 000010  |a 1  |e BOA001  |j MZK50  |s P